[Event "39th Citta Arco Open 2017"]
[Site "Arco"]
[Date "2017.10.10"]
[Round "4.8"]
[White "Voltolini, Giuseppe"]
[Black "Dittmar, Peter"]
[Result "0-1"]
[WhiteElo "2152"]
[BlackElo "2266"]
[Annotator "NA"]
[PlyCount "40"]
[EventDate "2017.??.??"]
[EventType "swiss"]
[EventCountry "ITA"]
[SourceTitle "playchess.com"]
[Source "ChessBase"]
[SourceQuality "1"]
[TimeControl "40/5400+30:1800+30"]

1. d4 {[%emt 0:00:30]} Nf6 {[%emt 0:06:00]} 2. c4 {[%emt 0:00:30]} e6 {[%emt 0:00:30]} 3. Nf3 {[%emt 0:00:30]} d5 {[%emt 0:01:30]} 4. Nc3 {[%emt 0:00:30]} c5 {[%emt 0:01:30]} 5. cxd5 {[%emt 0:04:30]} Nxd5 {[%emt 0:00:30]} 6. e4 {[%emt 0:01:30]} Nxc3 {[%emt 0:06:30]} 7. bxc3 {[%emt 0:00:30]} cxd4 {[%emt 0:00:30]} 8. cxd4 {[%emt 0:00:00]} Bb4+ {[%emt 0:00:00]} 9. Bd2 {[%emt 0:01:00]} Bxd2+ {[%emt 0:00:00]} 10. Qxd2 {[%emt 0:00:00]} O-O {[%emt 0:00:00]} 11. Be2 {[%emt 0:04:00]} b6 {[%emt 0:01:00]} 12. O-O {[%emt 0:02:30]} Bb7 {[%emt 0:00:00]} 13. Qe3 {[%emt 0:02:30]} Nd7 {[%emt 0:00:00]} 14. Nd2 {[%emt 0:10:30]} Rc8 {[%emt 0:01:30]} 15. Nc4 {[%emt 0:13:30]} Nf6 {[%emt 0:03:30]} 16. f3 {[%emt 0:01:30]} b5 {[%emt 0:03:30]} 17. Rfb1 {[%emt 0:05:30]} Bxe4 {[%emt 0:03:30]} 18. fxe4 {[%emt 0:00:30]} bxc4 {[%emt 0:00:30]} 19. Rc1 {[%emt 0:00:30]} c3 {[%emt 0:00:30]} 20. Rc2 {[%emt 0:07:30]} Qb6 {[%emt 0:05:30]} 0-1

[Event "39th Citta Arco Open 2017"]
[Site "Arco"]
[Date "2017.10.10"]
[Round "4.10"]
[White "Bruno, Fabio"]
[Black "Ager, Josef"]
[Result "1-0"]
[WhiteElo "2449"]
[BlackElo "2109"]
[Annotator "TA"]
[PlyCount "53"]
[EventDate "2017.??.??"]
[EventType "swiss"]
[EventCountry "ITA"]
[SourceTitle "playchess.com"]
[Source "ChessBase"]
[SourceQuality "1"]

{[%evp 11,53,40,33,-37,56,49,64,43,57,45,87,70,107,90,107,51,64,37,39,30,32,35,116,114,129,130,148,127,129,131,131,132,128,125,169,174,185,134,136,134,243,243,247,238]} 1. d4 Nf6 2. Nf3 d6 3. c4 g6 4. Nc3 Bg7 5. Bg5 c6 6. e3 Qa5 {LiveBook: 20 Partien} 7. Be2 {E61: Königsindisch (Abweichungen der Hauptvariante)} (7. Bd3 $14) (7. Qd2 Bg4 8. Ne4 Qxd2+ 9. Nexd2 h6 10. Bh4 g5 11. Bg3 Nh5 12. O-O-O c5 13. dxc5 Nxg3 14. hxg3 dxc5 {½-½ (46) Nyzhnyk,I (2428)-Kruppa,Y (2547) Kiev 2008}) 7... Bg4 ({Lieber} 7... Ne4 $1 $15 8. Qa4 Qxa4 9. Nxa4 Bf5) 8. Bh4 $14 Nbd7 9. h3 {Weiß steht etwas besser.} Bxf3 10. Bxf3 d5 $146 ({Vorgänger:} 10... Qb4 11. Qd3 d5 12. cxd5 cxd5 13. a3 Qc4 14. Qxc4 dxc4 {1-0 (44) Tymrakiewicz,R (2273)-Tserendorj,S (2019) Uxbridge 2010}) 11. cxd5 Nxd5 12. O-O $36 {[%mdl 2048] Läuft bei Weiss.} e6 13. Ne4 (13. b4 $16 Qb6 14. Nxd5 exd5 15. a4) 13... O-O 14. Nd6 Qb4 15. Bg3 e5 16. Bxd5 cxd5 (16... Qxd6 $14 17. Bf3 Nb6) 17. dxe5 $16 Nxe5 18. Qxd5 Nc6 19. Rab1 Rad8 20. a3 Qb6 21. b4 Rd7 22. Qc5 Rfd8 23. Rfc1 {Weiß steht deutlich besser.} Ne7 {[%cal Rd7d6]} 24. Qxb6 (24. Bh4 $18) 24... axb6 25. Nb5 Nc6 (25... Rd2 $16 26. e4 Nc6) 26. Bc7 $18 Ra8 27. Bxb6 {Precision: Weiß = 56%, Schwarz = 24%.} 1-0

[Event "39th Citta Arco Open 2017"]
[Site "Arco"]
[Date "2017.10.10"]
[Round "4.14"]
[White "De Vita, Gianni"]
[Black "Huemmer, Bernd"]
[Result "1/2-1/2"]
[WhiteElo "2058"]
[BlackElo "2169"]
[Annotator "NA"]
[PlyCount "22"]
[EventDate "2017.??.??"]
[EventType "swiss"]
[EventCountry "ITA"]
[SourceTitle "playchess.com"]
[Source "ChessBase"]
[SourceQuality "1"]
[TimeControl "40/5400+30:1800+30"]

1. e4 {[%emt 0:00:30]} Nf6 {[%emt 0:01:00]} 2. Nc3 {[%emt 0:00:30]} d5 {[%emt 0:00:00]} 3. exd5 {[%emt 0:01:30]} Nxd5 {[%emt 0:00:00]} 4. Bc4 {[%emt 0:00:00]} Nxc3 {[%emt 0:00:30]} 5. bxc3 {[%emt 0:01:00]} Nd7 {[%emt 0:02:30]} 6. d4 {[%emt 0:01:30]} e6 {[%emt 0:08:30]} 7. Nf3 {[%emt 0:02:30]} Be7 {[%emt 0:00:30]} 8. O-O {[%emt 0:00:30]} O-O {[%emt 0:01:30]} 9. Qe2 {[%emt 0:01:30]} c5 {[%emt 0:06:30]} 10. Bd3 {[%emt 0:06:30]} Nf6 {[%emt 0:04:30]} 11. Rd1 {[%emt 0:07:30]} Bd7 {[%emt 0:10:30]} 1/2-1/2

[Event "39th Citta Arco Open 2017"]
[Site "Arco"]
[Date "2017.10.10"]
[Round "4.15"]
[White "Deissenberger, Thomas"]
[Black "Wurm, Alexander"]
[Result "1/2-1/2"]
[WhiteElo "2032"]
[BlackElo "2156"]
[Annotator "NA"]
[PlyCount "37"]
[EventDate "2017.??.??"]
[EventType "swiss"]
[EventCountry "ITA"]
[SourceTitle "playchess.com"]
[Source "ChessBase"]
[SourceQuality "1"]
[TimeControl "40/5400+30:1800+30"]

1. d4 {[%emt 0:00:30]} d5 {[%emt 0:01:00]} 2. c4 {[%emt 0:00:00]} e5 {[%emt 0:00:30]} 3. dxe5 {[%emt 0:01:00]} d4 {[%emt 0:00:00]} 4. Nf3 {[%emt 0:00:30]} Nc6 {[%emt 0:00:00]} 5. Bf4 {[%emt 0:00:30]} Nge7 {[%emt 0:01:30]} 6. Nbd2 {[%emt 0:00:30]} Ng6 {[%emt 0:00:30]} 7. Bg3 {[%emt 0:00:30]} Bf5 {[%emt 0:02:30]} 8. a3 {[%emt 0:03:30]} Qe7 {[%emt 0:01:30]} 9. Qb3 {[%emt 0:02:30]} O-O-O {[%emt 0:04:30]} 10. e4 {[%emt 0:03:30]} Ngxe5 {[%emt 0:02:30]} 11. Nxe5 {[%emt 0:02:30]} Nxe5 {[%emt 0:00:30]} 12. Qb4 {[%emt 0:02:30]} c5 {[%emt 0:01:30]} 13. Qa4 {[%emt 0:02:30]} Bxe4 {[%emt 0:05:30]} 14. Nxe4 {[%emt 0:04:30]} f5 {[%emt 0:02:30]} 15. Qxa7 {[%emt 0:01:30]} fxe4 {[%emt 0:01:30]} 16. Qa8+ {[%emt 0:02:30]} Kc7 {[%emt 0:00:30]} 17. Qa5+ {[%emt 0:00:30]} Kc8 {[%emt 0:01:30]} 18. Qa8+ {[%emt 0:00:30]} Kc7 {[%emt 0:01:30]} 19. Qa5+ {[%emt 0:00:00]} 1/2-1/2

[Event "39th Citta Arco Open 2017"]
[Site "Arco"]
[Date "2017.10.10"]
[Round "4.16"]
[White "Sprotte, Norbert"]
[Black "Tonina, Filippo"]
[Result "1-0"]
[WhiteElo "2154"]
[BlackElo "2021"]
[Annotator "NA"]
[PlyCount "41"]
[EventDate "2017.??.??"]
[EventType "swiss"]
[EventCountry "ITA"]
[SourceTitle "playchess.com"]
[Source "ChessBase"]
[SourceQuality "1"]
[TimeControl "40/5400+30:1800+30"]

1. d4 {[%emt 0:00:30]} d6 {[%emt 0:05:00]} 2. Nc3 {[%emt 0:00:30]} g6 {[%emt 0:00:30]} 3. e4 {[%emt 0:00:30]} Nf6 {[%emt 0:00:00]} 4. Nf3 {[%emt 0:00:30]} Bg7 {[%emt 0:01:00]} 5. h3 {[%emt 0:00:30]} c5 {[%emt 0:02:30]} 6. Bb5+ {[%emt 0:01:30]} Bd7 {[%emt 0:02:30]} 7. e5 {[%emt 0:02:30]} dxe5 {[%emt 0:00:30]} 8. dxe5 {[%emt 0:00:30]} Ng8 {[%emt 0:01:30]} 9. a4 {[%emt 0:13:30]} Nc6 {[%emt 0:03:30]} 10. Bf4 {[%emt 0:01:30]} Nh6 {[%emt 0:01:30]} 11. g4 {[%emt 0:02:30]} f6 {[%emt 0:03:30]} 12. exf6 {[%emt 0:10:30]} exf6 {[%emt 0:00:30]} 13. Bd6 {[%emt 0:02:30]} Nf7 {[%emt 0:05:30]} 14. Qe2+ {[%emt 0:02:30]} Nfe5 {[%emt 0:00:30]} 15. Nxe5 {[%emt 0:02:30]} fxe5 {[%emt 0:00:30]} 16. Bxc5 {[%emt 0:02:30]} Qh4 {[%emt 0:09:30]} 17. O-O-O {[%emt 0:04:30]} O-O-O {[%emt 0:00:30]} 18. Nd5 {[%emt 0:06:30]} Be6 {[%emt 0:03:30]} 19. Bxc6 {[%emt 0:00:30]} bxc6 {[%emt 0:00:30]} 20. Qa6+ {[%emt 0:00:30]} Kd7 {[%emt 0:00:30]} 21. Nf6+ 1-0